Statistics for Bordering Countries

Click here to take the quiz!

General Stats

  • This quiz has been taken 4,278 times
  • The average score is 27 of 30

Answer Stats

CountryBordering Country% Correct
USACanada
100%
USAMexico
100%
SwedenFinland
98%
SwedenNorway
98%
UruguayBrazil
97%
UruguayArgentina
96%
NepalChina
95%
NepalIndia
95%
OmanSaudi Arabia
95%
OmanYemen
94%
TunisiaAlgeria
93%
CambodiaVietnam
93%
CambodiaLaos
92%
TunisiaLibya
92%
LatviaEstonia
91%
LatviaRussia
91%
LatviaLithuania
90%
CambodiaThailand
90%
SomaliaEthiopia
89%
OmanUnited Arab Emirates
89%
NicaraguaHonduras
88%
NicaraguaCosta Rica
87%
EswatiniSouth Africa
87%
SomaliaKenya
82%
East TimorIndonesia
80%
LatviaBelarus
77%
SomaliaDjibouti
75%
EswatiniMozambique
74%
Equatorial GuineaCameroon
66%
Equatorial GuineaGabon
65%

Score Distribution

Percentile by Number Answered

Percent of People with Each Score

Your Score History

You have not taken this quiz